Statistics for Czech: Numbers 0-10

Click here to take the quiz!

General Stats

  • This quiz has been taken 1 046 times
  • The average score is 11 of 11

Answer Stats

NumberČesky% Correct
2dva / dvě
99%
1jeden / jedna / jedno
99%
0nula
98%
5pět
98%
6šest
98%
3tři
98%
10deset
97%
9devět
97%
8osm
97%
7sedm
97%
4čtyři
96%

Score Distribution

Percentile by Number Answered

Percent of People with Each Score

Your Score History

You have not taken this quiz